Territories and their Countries by the Territory Flag - Statistics

General Stats
  • This quiz has been taken 31 times
  • The average score is 21 of 32
Answer Stats
Picture Answer % Correct
Denmark
100%
Greenland
100%
Macau
95%
United States
95%
U.S. Virgin Islands
95%
Aruba
90%
China
90%
Jersey
81%
United Kingdom
81%
Netherlands
76%
Australia
71%
Niue
71%
Somaliland
71%
Christmas Island
67%
New Zealand
67%
Northern Cyprus
67%
Somalia
67%
Cyprus
62%
Portugal
62%
Azores
57%
Transnistria
57%
Canary Islands
52%
Moldova
52%
Georgia
48%
South Ossetia
48%
Spain
48%
Canada
43%
Nunavut
43%
Bougainville
38%
France
33%
Martinique
33%
Papua New Guinea
33%
No matching quizzes found
Score Distribution
Percent of People with Each Score
Percentile by Number Answered
Your Score History
You have not taken this quiz